Where do you land? Quiz Stats

 Plays Quiz not verified by Sporcle

Also try: Standout Countries
Challenge
Share
Tweet
Embed
Score 0/32 Timer 06:00
1 Play Today
Airport name % Correct
HeathrowLondon - UK
92.1%
Charles de GaulleParis - France
91.2%
Leonardo da Vinci-FiumicinoRome - Italy
87.3%
SchipholAmsterdam - Netherlands
65.5%
BarajasMadrid - Spain
58.9%
KeflavíkReykjavik - Iceland
56.8%
ChopinWarsaw - Poland
55.5%
Alexander the GreatSkopje - Macedonia
53.1%
Elefthérios VenizélosAthens - Greece
46.9%
DomodedovoMoscow - Russia
46.2%
TegelBerlin - Germany
45.8%
VantaaHelsinki - Finland
40.6%
ArlandaStockholm - Sweden
38%
PortelaLisbon - Portugal
36.1%
SchwechatVienna - Austria
35.9%
FerihegyBudapest - Hungary
34%
Airport name % Correct
GardermoenOslo - Norway
33.2%
KastrupCopenhagen - Denmark
32.9%
Nikola TeslaBelgrade - Serbia
30.5%
Milan Rastislav StefánikBratislava - Slovakia
27.8%
RuzyněPrague - Czech Republic
27.8%
Nënë TerezaTirana - Albania
27.4%
BoryspilKiev - Ukraine
23.5%
Jože PučnikLjubljana - Slovenia
22.5%
Henri CoandăBucharest - Romania
22.1%
EsenboğaAnkara - Turkey
16.7%
Lennart MeriTallinn - Estonia
16.6%
BelpBern - Switzerland
15.6%
PlesoZagreb - Croatia
14%
FindelLuxembourg
13.2%
Adem JashariPristina - Kosovo
12.4%
ButmirSarajevo - Bosnia and Herzegovina
12.1%

You're not logged in!

Compare scores with friends on all Sporcle quizzes.
Join for Free
OR
Log In

You Might Also Like...

Show Comments

Extras

Top Quizzes Today


Score Distribution

Your Account Isn't Verified!

In order to create a playlist on Sporcle, you need to verify the email address you used during registration. Go to your Sporcle Settings to finish the process.

Report this User

Report this user for behavior that violates our Community Guidelines.

Details: